| 000 | 00527nam a2200181Ia 4500 | ||
|---|---|---|---|
| 003 | SISC | ||
| 005 | 20190115105551.0 | ||
| 008 | 190115s9999 xx 000 0 und d | ||
| 020 | _a9781473604407 | ||
| 050 |
_aPC 2129.E5 _b.C554 2017 |
||
| 100 | _aChristensen, Mary C. | ||
| 245 |
_cMary C. Christensen, Julie Cracco _aFrench tutor: _bgrammar vocabulary workbook/ |
||
| 260 |
_aUK: _bJohn Murray Learning _c2017 |
||
| 300 |
_axviii, 269 pages : _c240 cm. |
||
| 650 | _aFrench language | ||
| 942 |
_2lcc _cBK |
||
| 999 |
_c360343 _d360343 |
||